Sports Quiz

Random Sports or Football Quiz

Football club nicknames - Championship Quiz Stats

 Plays Quiz not verified by Sporcle

Score 0/24 Timer 10:00
0 Plays Today
Club Nickname % Correct
WolverhamptonWolves
89.4%
NewcastleMagpies
85.1%
DerbyRams
80.9%
BirminghamBlues
76.6%
BrightonSeagulls
76.6%
NorwichCanaries
76.6%
BlackburnRovers
70.2%
FulhamCottagers
68.1%
Sheffield WednesdayOwls
68.1%
CardiffBluebirds
66%
LeedsWhites
66%
Nottingham ForestForest
66%
Club Nickname % Correct
Aston VillaVillans
63.8%
ReadingRoyals
59.6%
BarnsleyTykes
53.2%
IpswichTractor Boys
53.2%
BrentfordBees
51.1%
WiganLatics
51.1%
Bristol CityRobins
48.9%
HuddersfieldTerriers
48.9%
BurtonBrewers
42.6%
PrestonLilywhites
42.6%
QPRHoops
42.6%
Rotherham UnitedMillers
36.2%

You're not logged in!

Compare scores with friends on all Sporcle quizzes.
OR
Log In

Sporcle TV

Today on Sporcle TV


Watch our educational content, quiz creation guides, and fun videos on Sporcle TV.

Show Comments

Extras

Top Quizzes Today


Score Distribution

Your Account Isn't Verified!

In order to create a playlist on Sporcle, you need to verify the email address you used during registration. Go to your Sporcle Settings to finish the process.

Report this User

Report this user for behavior that violates our Community Guidelines.

Details: